000 00930nam a22002297a 4500
001 9031
003 FISKH
005 20251114162642.0
008 251114b cb ||||| |||| 00| 0 eng d
020 _a9781786176097
040 _aFISKH
_beng
_cFISKH
_dFISKH
082 _a032.02
100 _aKelly, Miles
245 _aMy fun book of questions and answers /
_cBy Miles Kelly
250 _aFirst published in 2017
260 _aNew York :
_bMiles Kelly Publishing Limited,
_c2019.
300 _a383 pages :
_bcolor illustrations ;
_c22 cm .
520 _aIdeal for inquisitive younger readers, My Fun Book of Questions & Answers is full of fun and concise answers to key questions about animals, plants, human body, oceans, science and more. Illustrations, photos and cartoons keep kids hooked, and activity panels encourage further learning.
700 _aBlake, Carly
_eEditor
942 _2ddc
_cBK
_n0
999 _c9031
_d9031